Textbook Of Electrical Technology,Vol.1 (Record no. 324302)

MARC details
000 -LEADER
fixed length control field 00469nam a2200157Ia 4500
008 - FIXED-LENGTH DATA ELEMENTS--GENERAL INFORMATION
fixed length control field 230718s9999 xx 000 0 und d
041 ## - LANGUAGE CODE
Language code of text/sound track or separate title eng
082 ## - DEWEY DECIMAL CLASSIFICATION NUMBER
Classification number 621.37
Item number THE
100 ## - MAIN ENTRY--PERSONAL NAME
Personal name Theraja B.L.
9 (RLIN) 126181
245 ## - TITLE STATEMENT
Title Textbook Of Electrical Technology,Vol.1
Remainder of title Basic Electrical Engineering
260 ## - PUBLICATION, DISTRIBUTION, ETC. (IMPRINT)
Date of publication, distribution, etc. 2010
Name of publisher, distributor, etc. S .Chand Pub
300 ## - PHYSICAL DESCRIPTION
Extent 864
365 ## - TRADE PRICE
Currency code Rs.
Price amount 440.00
700 ## - ADDED ENTRY--PERSONAL NAME
Personal name Theraja B.L. & Theraja A.K.
906 ## - LOCAL DATA ELEMENT F, LDF (RLIN)
d O:0062226-Feb-2010B:100607-Jan-2010
c SS
b 132
Holdings
Withdrawn status Lost status Damaged status Not for loan Home library Current library Date acquired Vendor Budget Code Cost, normal purchase price Bill number Total Checkouts Full call number Barcode Date last seen Discount Cost, replacement price Bill Date Koha item type Original Barcode
        Cummins College of Engineering for Women Pune Cummins College of Engineering for Women Pune 26/02/2010 Pradeep Book Distributors SS 374.00 1006   621.37 CCEP-BK-35509 18/07/2023 132 440.00 07/01/2010 Books 035509